Państwa w granicach Osi (Commonwealth Legacy) - Statystyki

Ogólne statystyki
  • Ten quiz został rozwiązany 19 razy
  • Średni wynik to 21 z 52
Statystyki odpowiedzi
Kraj % Poprawnych
Niemcy
93%
Polska
93%
Ukraina
73%
Włochy
73%
Austria
67%
Estonia
67%
Litwa
67%
Łotwa
67%
Rumunia
67%
Białoruś
60%
Bułgaria
60%
Albania
53%
Chorwacja
53%
Czechy
53%
Mołdawia
53%
Słowacja
53%
Węgry
53%
Bośnia i Hercegowina
47%
Czarnogóra
47%
Grecja
47%
Irak
47%
Kosowo
47%
Armenia
40%
Macedonia Północna
40%
Mongolia
40%
Słowenia
40%
Syria
40%
Gruzja
33%
Kazachstan
33%
Turcja
33%
Arabia Saudyjska
27%
Azerbejdżan
27%
Egipt
27%
Izrael
27%
Kirgistan
27%
Liban
27%
Tadżykistan
27%
Turkmenistan
27%
Uzbekistan
27%
Wietnam
27%
Angola
20%
Jordania
20%
Kambodża
20%
Laos
20%
Madagaskar
20%
Argentyna
13%
Boliwia
13%
Chile
13%
Lichtenstein
13%
Paragwaj
13%
Ghana
7%
Seria
7%
Nie znaleziono quizów pasujących do podanych kryteriów
Rozkład punktacji
Procent ludzi z każdym wynikiem
Percentyl według liczby udzielonych odpowiedzi
Twoja historia wyników
Nie rozwiązałeś tego quizu